00691nam a2200205Ia 450000500170000000800410001702000180005808200130007624501270008926000490021630000130026565000140027865000130029265000120030570000300031770000220034794200060036995200950037599900150047020240521055024.0240331s9999 xx 000 0 und d a9789550762071 bPOLa337 4aThe Political Economy of Environment and development in a Globalised World :bEssays in honour of Nadarajah Shanmugaratnam aColombobSocial Scientists Associationc2012 a395 p ., aPolitical aGlobal  aEconomy aKjosavik jose darleyeedt aVedeld, Pauleedt cL 001040708LaWERCLbWERCLcSSCd2024-03-31l0o 337 POLp6699r2024-03-31w2024-03-31yL c5706d5706